000 00871nam a2200265 i 4500
001 9936
003 ES-MaACL
005 20250607063009.0
008 940525s1990 sp a |||| | spa d
020 _a84-239-5827-2
080 _a641.59(464.1)
080 _a64.024.3(464.1)
100 1 _aDíaz, Lorenzo,
_d1946-
_9166818
245 1 0 _aMadrid
_b: bodegones, mesones, fondas y restaurantes /
_cLorenzo Díaz ; prólogo de Raúl del Pozo.
260 _aMadrid :
_bEspasa-Calpe,
_c[1990]
300 _a349 p. :
_bil. ;
_c30 cm.
500 _aÍndice.
504 _aBibliografía: p. 319-327.
650 1 4 _aGastronomía-
_zMadrid.
_913041
650 1 4 _aRestaurantes, cafeterías, etc.-
_zMadrid.
_916874
651 4 _aMadrid-
_xUsos y costumbres.
_98987
700 1 _aPozo, Raúl del,
_d1936-
_993542
852 _aES-MaACL
_jL-17468
999 _c9936
_d9936